Normal view
MARC view
- القرارات الادارية
Entry Topical Term
001 - CONTROL NUMBER
- control field: 57214
003 - CONTROL NUMBER IDENTIFIER
- control field: JO-AjAnu
005 - DATE AND TIME OF LATEST TRANSACTION
- control field: 20230606083354.0
008 - FIXED-LENGTH DATA ELEMENTS
- fixed length control field: 230606|| aca||aabn | a|a d
040 ## - CATALOGING SOURCE
- Original cataloging agency: JO-AjAnu
- Transcribing agency: JO-AjAnu
150 ## - HEADING--TOPICAL TERM
- Topical term or geographic name entry element: القرارات الادارية
670 ## - SOURCE DATA FOUND
- Source citation: Work cat.: (JO-AjAnu)29192: نائب، ابراهيم عبدالواحد، م.مشارك انعام عبد المنعم باقية, author 57213, نظرية القرارات: نماذج واساليب كمية محوسبة